000
00210 a2200097 4500
001
3520
100
_a
Lumby, E.W.R
245
_a
Transfer of power in India 1945-7
260
_a
_b
Allen
_c
090
_c
2785
_d
2785
942
_a
NUST-CAE
_c
M
_c
19835
999
_c
238593
_d
238593